000 00511nam a2200181Ia 4500
005 20250326143938.0
008 250326s9999 xx 000 0 und d
037 _aTextbook
040 _aFMSL
_beng
_cFMSL
041 _aeng
_2eng
084 _aY48 P4
_qFMSL
100 _aStorey J
_9744037
245 0 _aLeadership in organizations: current issues and key trends
_cStorey J
260 _aNY
_bNY, Routledge
_c2004
365 _b183733.088796
942 _cTB
_hY48 P4
999 _c1301726
_d1301726